Quiz sulle Bandiere dell'Asia - Scelta Multipla - Statistics

Statistiche generali
  • Questo quiz è stato fatto 53 volte
  • Il punteggio medio è 47 su 49
Statistiche sulle risposte
Domanda Risposta % Corretto
Arabia Saudita
100%
Bangladesh
100%
Bhutan
100%
Cina
100%
Cipro
100%
Corea del Nord
100%
Corea del Sud
100%
Filippine
100%
India
100%
Israele
100%
Kirghizistan
100%
Laos
100%
Libano
100%
Malesia
100%
Maldive
100%
Armenia
98%
Azerbaigian
98%
Bahrein
98%
Brunei
98%
Cambogia
98%
Emirati Arabi Uniti
98%
Georgia
98%
Giappone
98%
Iran
98%
Mongolia
98%
Nepal
98%
Pakistan
98%
Singapore
98%
Sri Lanka
98%
Tagikistan
98%
Taiwan
98%
Thailandia
98%
Turkmenistan
98%
Qatar
96%
Russia
96%
Vietnam
96%
Yemen
96%
Kazakistan
94%
Turchia
94%
Uzbekistan
94%
Myanmar
92%
Siria
92%
Iraq
90%
Afghanistan
88%
Kuwait
88%
Oman
88%
Timor Est
86%
Indonesia
78%
Giordania
76%
Nessun quiz corrispondente trovato
Distribuzione punteggi
Percentuale di utenti per punteggio
Percentile per numero di risposta
I tuoi punteggi nel tempo
Non hai fatto questo quiz